000 nam a22 7a 4500
999 _c9270
_d9270
008 180426b ||||| |||| 00| 0 eng d
020 _a978-621-406-070-2
082 _22016
_aDFil 001.4
_bF847
100 _927616
_aFrancisco, Paul Micah S.
245 _aPractical research 1:
_bqualitative research/
_cPaul Micah S. Francisco; Virlyn S. Francisco; and Aisa P. Arlos
260 _aManila:
_bMindshapers Co, Inc.,
_c2016.
300 _aviii, 148 pages:
_c22 cm..
500 _aIncludes bibliographical references.
650 0 _927617
_aResearch
_xMethodology
700 _927618
_aFrancisco, Virlyn S.
700 _927619
_aArlos, Aisa P.
365 _b400.00
942 _2ddc
_cDFIL